Resúmenes de la clase de sociología /

En este libro se hace un acercamiento al estudio de la sociología, su concepto y su relación con otras ciencias; también abordan algunos conceptos fundamentales como la sociedad, el estado y la religión.

Zapisane w:
Opis bibliograficzny
1. autor: García Diego, Ignacio (autor)
Format: Książka
Język:hiszpański
Hasła przedmiotowe:
Etykiety: Dodaj etykietę
Nie ma etykietki, Dołącz pierwszą etykiete!

MARC

LEADER 00000nam^a2200000^a^4500
001 000119602
005 20250521000000.0
009 20260310094323.203
037 |a Acervo ITESO - Biblioteca 
041 |a ESP 
082 |a 301.  |b GAR 
100 |a García Diego, Ignacio  |e (autor) 
245 1 0 |a Resúmenes de la clase de sociología /  |c I. García Diego. 
264 |a México :  |b Escuela Nacional de Comercio y Administración,  |c 1948 
300 |a 89 p. 
336 |a texto  |b txt  |2 rdacontenido 
337 |a sin mediación  |b n  |2 rdamedio 
338 |a volumen  |b nc  |2 rdasoporte 
520 |a En este libro se hace un acercamiento al estudio de la sociología, su concepto y su relación con otras ciencias; también abordan algunos conceptos fundamentales como la sociedad, el estado y la religión. 
649 |a XX 
650 |a Sociedad 
650 |a Estado, El 
650 |a Sociología de la Religión 
650 |a Sociología Política 
650 |a Sociología -  |x Teoría 
650 |a Sociología 
910 |a Fondo Salvador Reynoso Reynoso 
920 |a Impresos - Libros 
930 |a Fondos Especiales 
905 |a 112 
901 |a 0800005256  |b IT2  |c ESP  |u 20250521 
902 |a https://opac.biblio.iteso.mx/vufind/Record/000119602